| 000 | 00474nam a2200169 i 4500 | ||
|---|---|---|---|
| 001 | 71520 | ||
| 003 | ES-MaACL | ||
| 005 | 20251019063045.0 | ||
| 007 | t| | ||
| 008 | 040812s1910 fr ||||1| fre d | ||
| 100 | 1 |
_aGennep, Arnold van, _d1873-1957 _956326 |
|
| 245 | 1 | 3 |
_aLa formation des légendes / _cArnold van Gennep. |
| 260 |
_aParís : _b[s.n., _c1910] ( _fHemmerlé) |
||
| 300 |
_a326 p. ; _c19 cm. |
||
| 852 |
_aES-MaACL _jF-6107 |
||
| 999 |
_c71520 _d71520 |
||